Lectures in statistical physics (Record no. 999398)

MARC details
000 -LEADER
fixed length control field 00743nam a2200265Ia 4500
003 - CONTROL NUMBER IDENTIFIER
control field OSt
005 - DATE AND TIME OF LATEST TRANSACTION
control field 20221005092822.0
008 - FIXED-LENGTH DATA ELEMENTS--GENERAL INFORMATION
fixed length control field 221004b |||||||| |||| 00| 0 eng d
037 ## - SOURCE OF ACQUISITION
Terms of availability Textual
040 ## - CATALOGING SOURCE
Original cataloging agency CRL
Transcribing agency CRL
Language of cataloging eng
041 ## - LANGUAGE CODE
Source of code eng
Language code of text/sound track or separate title eng
100 ## - MAIN ENTRY--PERSONAL NAME
Personal name Schieve W C
9 (RLIN) 617801
245 #0 - TITLE STATEMENT
Title Lectures in statistical physics
260 ## - PUBLICATION, DISTRIBUTION, ETC.
Place of publication, distribution, etc. New York
Name of publisher, distributor, etc. Springer-Verlag
Date of publication, distribution, etc. 1974
490 ## - SERIES STATEMENT
Series statement Lecture nates in physics. Lecture Notes in physics. no. 28
500 ## - GENERAL NOTE
General note DSK Collection
650 ## - SUBJECT ADDED ENTRY--TOPICAL TERM
Topical term or geographic name entry element PHYSICS
700 ## - ADDED ENTRY--PERSONAL NAME
Personal name Turner J S
9 (RLIN) 617802
942 ## - ADDED ENTRY ELEMENTS (KOHA)
Classification part C:(B28), L4
Koha item type Textual
Source of classification or shelving scheme
Holdings
Withdrawn status Lost status Damaged status Not for loan Home library Current library Date acquired Total Checkouts Full call number Barcode Date last seen Price effective from Koha item type
        Central Library Central Library 2022-10-05   C:(B28) L4 CL1000412 2022-10-05 2022-10-05 Textual
Copyright @ Delhi University Library System